NBA Daily Trivia #11 - Statistics

General Stats
  • This quiz has been taken 92 times
  • The average score is 9 of 14
Answer Stats
Picture Answer % Correct
Shai Gilgeous-Alexander
96%
De’Aaron Fox
93%
Kawhi Leonard
91%
Anthony Edwards
81%
Nikola Jokic
79%
Donovan Mitchell
69%
Paul George
69%
Dejounte Murray
68%
Alex Caruso
66%
Fred VanVleet
59%
Jalen Suggs
54%
Herbert Jones
40%
Donte DiVincenzo
34%
Matisse Thybulle
24%
No matching quizzes found
Score Distribution
Percent of People with Each Score
Percentile by Number Answered
Your Score History
You have not taken this quiz